Diccionario chontal de Tabasco /

Saved in:
Bibliographic Details
Main Author: Keller, Kathryn C.
Other Authors: Luciano G., Plácido.
Format: Book
Language:Spanish
Central American Indian
Published: Tucson, AZ : Instituto Lingüístico de Verano, 1997.
Edition:1. ed.
Series:Serie de vocabularios y diccionarios indígenas "Mariano Silva y Aceves" (1978) ; núm. 36.
Subjects:
Tags: Add Tag
No Tags, Be the first to tag this record!
LEADER 01524aam a2200385 a 4500
001 007775041-1
005 20140516185723.0
008 980408s1997 azuab bd 000 0 spa
010 |a  98136434  
020 |a 9683102905 
020 |a 9789683102904 
035 0 |a ocm39130421 
040 |a DLC  |c DLC 
041 0 |a spa  |a cai 
050 0 0 |a PM3651.Z5  |b K45 1997 
082 0 0 |a 497/.415  |2 21 
100 1 |a Keller, Kathryn C. 
245 1 0 |a Diccionario chontal de Tabasco /  |c Kathryn C. Keller, Plácido Luciano G. 
246 1 4 |a Diccionario chontal de Tabasco (mayense) 
246 1 8 |a Chontal de Tabasco 
250 |a 1. ed. 
260 |a Tucson, AZ :  |b Instituto Lingüístico de Verano,  |c 1997. 
300 |a xix, 527 p. :  |b ill., maps ;  |c 23 cm. 
490 1 |a Serie de vocabularios y diccionarios indígenas "Mariano Silva y Aceves" ;  |v núm. 36 
500 |a "Gramática del chontal de Tabasco": p. [417]-493. 
504 |a Includes bibliographical references (p. 525-527). 
546 |a Spanish and Chontal. 
650 0 |a Spanish language  |v Dictionaries  |x Chontal. 
650 0 |a Chontal language  |x Dictionaries  |x Spanish. 
650 0 |a Chontal language  |z Mexico  |z Tabasco (State) 
700 1 |a Luciano G., Plácido. 
776 0 8 |i Online version:  |a Keller, Kathryn C.  |t Diccionario chontal de Tabasco.  |b 1. ed.  |d Tucson, AZ : Instituto Lingüístico de Verano, 1997  |w (OCoLC)606308617 
830 0 |a Serie de vocabularios y diccionarios indígenas "Mariano Silva y Aceves" (1978) ;  |v núm. 36. 
988 |a 20020608 
906 |0 DLC